DEVELOPMENT CONTROL RULES,SANCTIONED UNDER GOVERNMENT NOTIFICATION URBAN DEVELOPMENT DEPARTMENT NO.TPS -1884/1377/CR-220/84(III)UD-7 DATED 5/1/87, FOR DEVELOPMENT PLAN PUNE (REVISED) (FINAL) (Record no. 1158280)

MARC details
000 -LEADER
fixed length control field 00484nam a2200109Ia 4500
008 - FIXED-LENGTH DATA ELEMENTS--GENERAL INFORMATION
fixed length control field 240521s1999 xx 000 0 und d
041 ## - LANGUAGE CODE
Language code of text/sound track or separate title eng
100 ## - MAIN ENTRY--PERSONAL NAME
Personal name PUNE MUNICIPAL CORPORATION AREA.
245 ## - TITLE STATEMENT
Title DEVELOPMENT CONTROL RULES,SANCTIONED UNDER GOVERNMENT NOTIFICATION URBAN DEVELOPMENT DEPARTMENT NO.TPS -1884/1377/CR-220/84(III)UD-7 DATED 5/1/87, FOR DEVELOPMENT PLAN PUNE (REVISED) (FINAL)
260 ## - PUBLICATION, DISTRIBUTION, ETC.
Name of publisher, distributor, etc. FOR APPLICATION IN PUNE MUNICIPAL CORPORATION AREA
Date of publication, distribution, etc. 1999
300 ## - PHYSICAL DESCRIPTION
Extent 236+19

No items available.